Catching Fire typing Challenge Quiz Stats

Quiz not verified by Sporcle

Challenge
Share
Tweet
Embed
Score 0/20 Timer 01:30
0 Plays Today
Word to Be typed Word Typed % Correct
????
100%
????
100%
????
99.8%
????
99.3%
????
99.3%
????
99.3%
????
99.3%
????
99.1%
????
98.6%
????
98.6%
Word to Be typed Word Typed % Correct
????
98.4%
????
98.4%
????
98%
????
97.5%
????
96.8%
????
95.9%
????
94.3%
????
93.4%
????
90.7%
????
89.1%

You're not logged in!

Compare scores with friends on all Sporcle quizzes.
Sign Up with Email
OR
Log In

You Might Also Like...

Show Comments

Extras

Top Quizzes Today


Score Distribution

Your Account Isn't Verified!

In order to create a playlist on Sporcle, you need to verify the email address you used during registration. Go to your Sporcle Settings to finish the process.